000 00372nam a22001337a 4500
020 _qHB.
040 _cFIZZA ISHAQ
082 _a917.9
_bJOA
100 _aHASLIP,JOAN.
_9134361
245 _aTHE CROWN OF MEXICO MAXIMILIAN AND HIS EMPRESS CARLOTA /
_cJOAN HASLIP.
260 _aNEW YORK ;
_bCHICAGO SAN FRANCISCO,
_c1971.
300 _a531 P. ;
_c8.8X6IN
942 _2ddc
_cBK
999 _c617340
_d617340